Countries Under 5000m - Sudden Death - Statistics

General Stats
  • This quiz has been taken 24 times
  • The average score is 5 of 15
Answers on the Grid
Answers color-coded by a green-red scale on the quiz's grid according to % correct below.
Uzbekistan
Venezuela
France
Mongolia
Japan
Switzerland
Ethiopia
Papua New Guinea
South Africa
Panama
Azerbaijan
Norway
Thailand
Philippines
Turkmenistan
Uganda
Türkiye
Kenya
DRC
Georgia
Colombia
Canada
Myanmar
Bolivia
Kazakhstan
Afghanistan
Bhutan
Peru
Argentina
Iran
 
Answer Stats
Answer % Correct
Norway
62%
Panama
62%
Thailand
62%
Papua New Guinea
46%
France
31%
Mongolia
31%
Japan
23%
Philippines
23%
South Africa
23%
Switzerland
23%
Uzbekistan
23%
Azerbaijan
15%
Ethiopia
15%
Turkmenistan
15%
Venezuela
8%
No matching quizzes found
Score Distribution
Percent of People with Each Score
Percentile by Number Answered
Your Score History
You have not taken this quiz